00405 2200157 4500001002100000005001500021035002000036245005300056100001200109300002600121260004400147082000800191084001400199020002200213990001200235INLIS00000000000308420250930092031 a0010-09250004311 aRahasia Menjadi Siswa Unggul /cDr. Sumardi,M.Sc0 aSumardi a159 hlm ;c14 x 21 cm aJakarta :bEsensi Erlangga Group,c2011 a600 a600 SUM r a978-979-099-506-2 a0755555